Countries by Capitals Alphabetically - Statistics

General Stats
  • This quiz has been taken 65 times
    10 since last reset
  • The average score is 183 of 196
Answer Stats
Capital Country % Correct
Kabul Afghanistan
100%
Algiers Algeria
100%
Andorra la Vella Andorra
100%
Saint John's Antigua and Barbuda
100%
Buenos Aires Argentina
100%
Yerevan Armenia
100%
Canberra Australia
100%
Vienna Austria
100%
Nassau Bahamas
100%
Bridgetown Barbados
100%
Minsk Belarus
100%
Brussels Belgium
100%
Belmopan Belize
100%
La Paz Bolivia
100%
Sarajevo Bosnia and Herzegovina
100%
Brasília Brazil
100%
Ouagadougou Burkina Faso
100%
Phnom Penh Cambodia
100%
Ottawa Canada
100%
N'Djamena Chad
100%
Santiago Chile
100%
Beijing China
100%
Bogotá Colombia
100%
San José Costa Rica
100%
Zagreb Croatia
100%
Havana Cuba
100%
Prague Czechia
100%
Kinshasa Democratic Republic of the Congo
100%
Copenhagen Denmark
100%
Djibouti Djibouti
100%
Roseau Dominica
100%
Santo Domingo Dominican Republic
100%
Quito Ecuador
100%
Cairo Egypt
100%
San Salvador El Salvador
100%
Tallinn Estonia
100%
Addis Ababa Ethiopia
100%
Suva Fiji
100%
Helsinki Finland
100%
Paris France
100%
Tbilisi Georgia
100%
Berlin Germany
100%
Accra Ghana
100%
Athens Greece
100%
Saint George's Grenada
100%
Guatemala City Guatemala
100%
Bissau Guinea-Bissau
100%
Port-au-Prince Haiti
100%
Tegucigalpa Honduras
100%
Budapest Hungary
100%
Reykjavík Iceland
100%
New Delhi India
100%
Jakarta Indonesia
100%
Tehran Iran
100%
Baghdad Iraq
100%
Dublin Ireland
100%
Jerusalem Israel
100%
Rome Italy
100%
Kingston Jamaica
100%
Tokyo Japan
100%
Amman Jordan
100%
Astana Kazakhstan
100%
Nairobi Kenya
100%
Kuwait City Kuwait
100%
Bishkek Kyrgyzstan
100%
Vientiane Laos
100%
Riga Latvia
100%
Beirut Lebanon
100%
Monrovia Liberia
100%
Tripoli Libya
100%
Vaduz Liechtenstein
100%
Luxembourg Luxembourg
100%
Antananarivo Madagascar
100%
Kuala Lumpur Malaysia
100%
Malé Maldives
100%
Mexico City Mexico
100%
Monaco Monaco
100%
Ulaanbaatar Mongolia
100%
Podgorica Montenegro
100%
Rabat Morocco
100%
Kathmandu Nepal
100%
Amsterdam Netherlands
100%
Wellington New Zealand
100%
Managua Nicaragua
100%
Pyongyang North Korea
100%
Skopje North Macedonia
100%
Oslo Norway
100%
Muscat Oman
100%
Islamabad Pakistan
100%
Ngerulmud Palau
100%
Panama City Panama
100%
Asunción Paraguay
100%
Lima Peru
100%
Manila Philippines
100%
Warsaw Poland
100%
Lisbon Portugal
100%
Doha Qatar
100%
Brazzaville Republic of the Congo
100%
Bucharest Romania
100%
Moscow Russia
100%
Basseterre Saint Kitts and Nevis
100%
Castries Saint Lucia
100%
Kingstown Saint Vincent and the Grenadines
100%
Apia Samoa
100%
San Marino San Marino
100%
São Tomé São Tomé and Príncipe
100%
Riyadh Saudi Arabia
100%
Dakar Senegal
100%
Belgrade Serbia
100%
Victoria Seychelles
100%
Freetown Sierra Leone
100%
Singapore Singapore
100%
Bratislava Slovakia
100%
Ljubljana Slovenia
100%
Mogadishu Somalia
100%
Pretoria / Cape Town / Bloemfontein South Africa
100%
Seoul South Korea
100%
Madrid Spain
100%
Sri Jayawardenepura Kotte Sri Lanka
100%
Khartoum Sudan
100%
Paramaribo Suriname
100%
Stockholm Sweden
100%
Bern Switzerland
100%
Damascus Syria
100%
Taipei Taiwan
100%
Dushanbe Tajikistan
100%
Bangkok Thailand
100%
Lomé Togo
100%
Nukuʻalofa Tonga
100%
Port-of-Spain Trinidad and Tobago
100%
Tunis Tunisia
100%
Ankara Turkey
100%
Ashgabat Turkmenistan
100%
Funafuti Tuvalu
100%
Kampala Uganda
100%
Kyiv Ukraine
100%
Abu Dhabi United Arab Emirates
100%
London United Kingdom
100%
Washington D.C. United States
100%
Montevideo Uruguay
100%
Tashkent Uzbekistan
100%
Vatican City Vatican City
100%
Caracas Venezuela
100%
Hanoi Vietnam
100%
Tirana Albania
75%
Luanda Angola
75%
Baku Azerbaijan
75%
Manama Bahrain
75%
Dhaka Bangladesh
75%
Porto Novo Benin
75%
Thimphu Bhutan
75%
Gaborone Botswana
75%
Bandar Seri Begawan Brunei
75%
Sofia Bulgaria
75%
Gitega Burundi
75%
Yaoundé Cameroon
75%
Praia Cape Verde
75%
Bangui Central African Republic
75%
Moroni Comoros
75%
Nicosia Cyprus
75%
Dili East Timor
75%
Asmara Eritrea
75%
Mbabane Eswatini
75%
Palikir Federated States of Micronesia
75%
Libreville Gabon
75%
Banjul Gambia
75%
Conakry Guinea
75%
Georgetown Guyana
75%
Yamoussoukro Ivory Coast
75%
South Tarawa Kiribati
75%
Pristina Kosovo
75%
Maseru Lesotho
75%
Vilnius Lithuania
75%
Lilongwe Malawi
75%
Bamako Mali
75%
Valletta Malta
75%
Majuro Marshall Islands
75%
Nouakchott Mauritania
75%
Port Louis Mauritius
75%
Chișinău Moldova
75%
Naypyidaw Myanmar
75%
Windhoek Namibia
75%
Yaren Nauru
75%
Niamey Niger
75%
Abuja Nigeria
75%
Port Moresby Papua New Guinea
75%
Kigali Rwanda
75%
Honiara Solomon Islands
75%
Juba South Sudan
75%
Dodoma Tanzania
75%
Port Vila Vanuatu
75%
Sana'a Yemen
75%
Lusaka Zambia
75%
Harare Zimbabwe
75%
Ciudad de la Paz Equatorial Guinea
50%
Maputo Mozambique
50%
No matching quizzes found
Score Distribution
Percent of People with Each Score
Percentile by Number Answered
Your Score History
You have not taken this quiz since the last reset